|
|
|
|
| LEADER |
00000nam0a2200000 4500 |
| 001 |
365861 |
| 005 |
20231102011827.0 |
| 035 |
|
|
|a (RuTPU)RU\TPU\retro\23224
|
| 090 |
|
|
|a 365861
|
| 100 |
|
|
|a 20220124d1978 km y0rusy50 ca
|
| 101 |
0 |
|
|a rus
|
| 102 |
|
|
|a RU
|
| 105 |
|
|
|a a z 001zy
|
| 200 |
1 |
|
|a Генезис эндогенной минерализации Дальнего Востока
|f Академия наук СССР, Дальневосточный научный центр, Дальневосточный геологический институт ; под ред. И. Н. Говорова
|
| 210 |
|
|
|a Владивосток
|c Изд-во ДВНЦ АН СССР
|d 1978
|
| 215 |
|
|
|a 168 с.
|c ил.
|
| 320 |
|
|
|a Библиогр.: с. 154-163
|
| 606 |
1 |
|
|a Оловорудные месторождения
|2 stltpush
|3 (RuTPU)RU\TPU\subj\46984
|9 66055
|
| 610 |
1 |
|
|a эндогенные месторождения
|
| 610 |
1 |
|
|a минерализация
|
| 610 |
1 |
|
|a Дальний Восток
|
| 610 |
1 |
|
|a генезис
|
| 610 |
1 |
|
|a геохимические особенности
|
| 610 |
1 |
|
|a рудные пояса
|
| 610 |
1 |
|
|a Тихоокеанский бассейн
|
| 675 |
|
|
|a 553.45
|v 4
|
| 702 |
|
1 |
|a Говоров
|b И. Н.
|4 340
|
| 712 |
0 |
2 |
|a Академия наук СССР
|b Дальневосточный научный центр
|b Дальневосточный геологический институт
|c (Владивосток)
|2 stltpush
|3 (RuTPU)RU\TPU\col\11563
|9 25185
|
| 801 |
|
1 |
|a RU
|b 63413507
|c 20220124
|
| 801 |
|
2 |
|a RU
|b 63413507
|c 20220124
|g RCR
|
| 942 |
|
|
|c BK
|